Kraje najbliższe Zimbabwe A-Z - Statystyki

Ogólne statystyki
  • Ten quiz został rozwiązany 309 razy
  • Średni wynik to 16 z 23
Statystyki odpowiedzi
litera kraj % Poprawnych
A Angola
90%
O Oman
89%
Z Zambia
89%
D Dem Rep Konga
87%
P Pakistan
84%
U Uganda
79%
V Vanuatu
78%
B Botswana
77%
C Czad
76%
N Namibia
76%
R Rwanda
75%
M Mozambik
74%
E Eswatini
73%
G Gabon
72%
L Lesotho
72%
J Jemen
70%
T Tanzania
68%
K Kenia
66%
F Francja
62%
S Somalia
56%
H Hiszpania
52%
I Izrael
42%
W Wyspy Świętego Tomasza i Książęca
27%
Nie znaleziono quizów pasujących do podanych kryteriów
Rozkład punktacji
Procent ludzi z każdym wynikiem
Percentyl według liczby udzielonych odpowiedzi
Twoja historia wyników
Nie rozwiązałeś tego quizu